Histoire du principe de relativite
Guardat en:
| Autor principal: | |
|---|---|
| Format: | Llibre |
| Idioma: | francès |
| Publicat: |
París
Flammarion
1971
|
| Matèries: | |
| Etiquetes: |
Afegir etiqueta
Sense etiquetes, Sigues el primer a etiquetar aquest registre!
|
MARC
| LEADER | 00000nam a2200000 a 4500 | ||
|---|---|---|---|
| 001 | UCY1681 | ||
| 003 | CL-VaPUC | ||
| 008 | 940913e19710000FR |||||||||||||||||fre|d | ||
| 082 | 0 | 4 | |a 530.11 |b TON |2 21 |
| 100 | 0 | |a Tonnelat, Marie-Antoinette |e author |9 329681 | |
| 245 | 1 | 0 | |a Histoire du principe de relativite |
| 300 | |a 561 p | ||
| 942 | |c BK | ||
| 945 | |d 19940913 00:00:00 |a mfernand | ||
| 260 | |a París |b Flammarion |c 1971 | ||
| 650 | 0 | |a Relatividad |9 269977 | |
| 650 | 0 | |a Física |9 227844 | |
| 650 | 0 | |a Historia |9 255047 | |
| 583 | |a last modification |c 19940913 00:00:00 |k Rodrigo Vera | ||
| 999 | |c 230307 |d 230305 | ||